000 00582nam a2200205Ia 4500
005 20250326143158.0
008 250326s9999 xx 000 0 und d
020 _a81-297-0411-0
037 _aTextbook
040 _aFMSL
_beng
_cFMSL
041 _aeng
_2eng
084 _aX:74.1 P4
_qFMSL
100 _aDaniels J D
_9735290
245 0 _aInternational business : environments and operations
_cDaniels J D And Others
250 _a9
260 _aDelhi
_bDelhi, Pearson Education
_c2004
300 _a701p
942 _cTB
_hX:74.1 P4
999 _c1298470
_d1298470